00209nam a2200085Ia 4500008004100000100000900041245003300050260003100083300000900114190216s9999||||xx |||||||||||||| ||und|| aNull 0aHow To Read A Blalance Sheet bUniversal Publishingc1995 a165p